00987nam a2200253Ia 4500003000900000008004100009020001800050040001600068080001200084100002400096111007300120245014200193260005000335300001500385490003900400650002200439650002200461650002800483650003100511650003700542942000700579999001700586952013000603IN-BaIIA211028s9999 xx 000 0 eng d a1-56396-987-4 cIIA Library a52bEXP aChang, H.-Y.925083 aKIAS Astrophysics Workshopn1stcSeoul, Koread2000 May 24-27925084 0aExplosive phenomena in astrophysical compact objectsbfirst KIAS astrophysics workshop held in Seoul, Korea, May 24-27, 2000cH.-Y. Chang aMelvillebAmerican Institute of Physicsc2000 aixv, 404p. aAIP conference proceedings; v. 556 aAstrophysics9794 aBlack holes97728 aGamma-ray bursts910403 aMagnetohdrodynamics925085 aRelativistic- astrophysics96801 cBK c14215d14215 00104070aBANbBANcGENd2001-09-03eEDS g7095.60l0o52/ EXPp15135r2021-11-05v7095.60w2001-09-03yBKGRs. 7095.60